Pinoy religious leader / (Record no. 2154)

MARC details
000 -LEADER
fixed length control field 00518nam a2200193 4500
003 - CONTROL NUMBER IDENTIFIER
control field OSt
005 - DATE AND TIME OF LATEST TRANSACTION
control field 20240715020917.0
008 - FIXED-LENGTH DATA ELEMENTS--GENERAL INFORMATION
fixed length control field 240715b |||||||| |||| 00| 0 eng d
020 ## - INTERNATIONAL STANDARD BOOK NUMBER
International Standard Book Number 9715101119
040 ## - CATALOGING SOURCE
Original cataloging agency DWCL-Main lib.
Transcribing agency OC
082 ## - DEWEY DECIMAL CLASSIFICATION NUMBER
Classification number Fil. 291.6 M333p 1997
006 - FIXED-LENGTH DATA ELEMENTS--ADDITIONAL MATERIAL CHARACTERISTICS
fixed length control field a
100 ## - MAIN ENTRY--PERSONAL NAME
Personal name Maribao, Joel L.
245 ## - TITLE STATEMENT
Title Pinoy religious leader /
260 ## - PUBLICATION, DISTRIBUTION, ETC.
Place of publication, distribution, etc. Philippines:
Name of publisher, distributor, etc. Logos Publications, Inc.,
Date of publication, distribution, etc. c1997.
300 ## - PHYSICAL DESCRIPTION
Other physical details 167 p. ;
Dimensions 23 cm.
504 ## - BIBLIOGRAPHY, ETC. NOTE
Bibliography, etc. note Includes references.<br/>
942 ## - ADDED ENTRY ELEMENTS (KOHA)
Source of classification or shelving scheme Dewey Decimal Classification
Suppress in OPAC No
Koha item type Book-Filipiniana
Call number prefix Fil.
Holdings
Withdrawn status Lost status Source of classification or shelving scheme Damaged status Not for loan Home library Current library Date acquired Source of acquisition Total Checkouts Full call number Barcode Date last seen Copy number Price effective from Koha item type Uniform Resource Identifier
    Dewey Decimal Classification     College Library College Library 12/04/2004 Donation   Fil. 291.6 M333p 1997 41533 07/15/2024 c1 07/15/2024 Book-Filipiniana
    Dewey Decimal Classification     College Library College Library 02/05/2010 Donation   Fil. 291.6 M333p 1997 47042 07/15/2024 c2 07/15/2024 Book-Filipiniana